<?xml version="1.0" encoding="UTF-8"?>
<record
    xmlns:xsi="http://www.w3.org/2001/XMLSchema-instance"
    xsi:schemaLocation="http://www.loc.gov/MARC21/slim http://www.loc.gov/standards/marcxml/schema/MARC21slim.xsd"
    xmlns="http://www.loc.gov/MARC21/slim">

  <leader>01636nam a2200157   4500</leader>
  <controlfield tag="008">708.972.86 M743ar</controlfield>
  <datafield tag="020" ind1=" " ind2=" ">
    <subfield code="a">9789968530477</subfield>
  </datafield>
  <datafield tag="082" ind1=" " ind2=" ">
    <subfield code="a">708.972.86</subfield>
    <subfield code="b">M743ar</subfield>
  </datafield>
  <datafield tag="100" ind1=" " ind2=" ">
    <subfield code="a">Monge Picado, Mar&#xED;a Jos&#xE9;</subfield>
    <subfield code="9">4341</subfield>
  </datafield>
  <datafield tag="245" ind1=" " ind2=" ">
    <subfield code="a">Artes visuales en los setenta</subfield>
  </datafield>
  <datafield tag="250" ind1=" " ind2=" ">
    <subfield code="a">1a ed.</subfield>
  </datafield>
  <datafield tag="260" ind1=" " ind2=" ">
    <subfield code="a">San Jos&#xE9;, Costa Rica</subfield>
    <subfield code="b">Fundaci&#xF3;n Museos del Banco Central</subfield>
    <subfield code="c">2019</subfield>
  </datafield>
  <datafield tag="300" ind1=" " ind2=" ">
    <subfield code="a">152 p.</subfield>
    <subfield code="b">il. (col)</subfield>
    <subfield code="c">28 x 22 cm</subfield>
  </datafield>
  <datafield tag="505" ind1=" " ind2=" ">
    <subfield code="t">Presentaci&#xF3;n / Foreword</subfield>
    <subfield code="t">Introducci&#xF3;n / Introduction</subfield>
    <subfield code="t">1. El contexto /  The Context</subfield>
    <subfield code="t">1.1 La Bienal del 71: una amplificadora de voces / The Biennale of 1971: a voice amplifier</subfield>
    <subfield code="t">1.2 Pol&#xED;ticas in&#xE9;ditas en el marco de la Guerra Fr&#xED;a Global / Unprecedented policies in the framework of the Global Cold War</subfield>
    <subfield code="t">2. Las voces de los setenta / The voices of the 1970s</subfield>
    <subfield code="t">2.1 Artepuristas / Art purists</subfield>
    <subfield code="t">2.1.1 &#xA1;La imaginaci&#xF3;n al poder! / Power to the imagination!</subfield>
    <subfield code="t">2.2 La met&#xE1;fora tel&#xFA;rica de las "ra&#xED;ces nacionales" / The telluric metaphor of "national roots"</subfield>
    <subfield code="t">2.2.1 El paisaje: emblema pol&#xED;tico y problema pl&#xE1;stico / The landscape: political emblem and problem for the plastic arts</subfield>
    <subfield code="t">2.2.2 El nexo ancestral: material y volumen / The ancestral link: matter and volume </subfield>
    <subfield code="t">2.3 Un arte nuevo, un arte latinoamericano / A new art, a Latin American art</subfield>
    <subfield code="t">2.3.1 Testigo de su tiempo y herramienta de transformaci&#xF3;n social / Witness of its time and tool for social transformation </subfield>
    <subfield code="t">2.3.2 Hacia la pluralidad est&#xE9;tica / Towards aesthetic plurality</subfield>
    <subfield code="t">Lista de figuras / List of figures</subfield>
    <subfield code="t">Bibliograf&#xED;a / Bibliography </subfield>
  </datafield>
  <datafield tag="650" ind1=" " ind2=" ">
    <subfield code="x">arte costarricense</subfield>
    <subfield code="x">artes visuales - Costa Rica</subfield>
    <subfield code="x">artes visuales - a&#xF1;os setenta</subfield>
    <subfield code="x">historia del arte</subfield>
    <subfield code="9">7307</subfield>
  </datafield>
  <datafield tag="999" ind1=" " ind2=" ">
    <subfield code="c">1899</subfield>
    <subfield code="d">1899</subfield>
  </datafield>
  <datafield tag="952" ind1=" " ind2=" ">
    <subfield code="0">0</subfield>
    <subfield code="1">0</subfield>
    <subfield code="2">ddc</subfield>
    <subfield code="4">0</subfield>
    <subfield code="7">0</subfield>
    <subfield code="a">LV</subfield>
    <subfield code="b">LV</subfield>
    <subfield code="c">Colectivas</subfield>
    <subfield code="d">2020-03-04</subfield>
    <subfield code="l">0</subfield>
    <subfield code="o">708.972.86 M743ar</subfield>
    <subfield code="p">003528</subfield>
    <subfield code="r">2020-03-04 00:00:00</subfield>
    <subfield code="w">2020-03-04</subfield>
    <subfield code="y">01</subfield>
  </datafield>
</record>
